000 00345nam a22001337a 4500
008 170727b xxu||||| |||| 00| 0 eng d
020 _a0444873430
041 _aeng
080 _a004
100 _a31
101 _aSHKI
245 _aCOMPUTER APPLICTIONS IN THE AUTOMATION OF SHIPYARD OPERATION AND SHID DESIGN, VI
_cWANG, Z
942 _2udc
_cBK
999 _c22044
_d22044